| 000 | 01392nam0a2200349 4500 | ||
|---|---|---|---|
| 001 | RU\NLR\bibl\931682 | ||
| 005 | 20260405090033.0 | ||
| 010 |
_a5-88688-080-1 _9400 |
||
| 021 |
_aRU _b2006-11821 _9578 |
||
| 035 | _a(NLR Aleph) 000919899 | ||
| 090 |
_a93123 _c93123 |
||
| 100 | _a20060413d2006 |||y0rusy50 ca | ||
| 101 | 0 | _arus | |
| 102 | _aRU | ||
| 105 | _ay ||||||||| | ||
| 200 | 1 |
_aАбелевы группы и их кольца эндоморфизмов _fП.А. Крылов, А.В. Михалев, А.А. Туганбаев |
|
| 210 |
_aМосква _cФакториал пресс _d2006 |
||
| 215 |
_a512 с. _d24 |
||
| 225 | 1 |
_aAdvanced studies in mathematics and mechanics _vВып. 2 |
|
| 320 | _aБиблиогр.: с. 479-506 (474 назв.) | ||
| 606 | 1 |
_aАбелевы группы _xКольца эндоморфизмов _91073640 _3RU\NLR\auth\6699924 |
|
| 686 | _aВ152.34 | ||
| 700 | 1 |
_4070 _8rus _7ca _aКрылов _bП.А. _cд-р физ.-мат. наук _f1948- _gПетр Андреевич _3RU\NLR\AUTH\7731823 _914833 |
|
| 701 | 1 |
_aМихалев _bА. В. _gАлександр Васильевич _4070 |
|
| 701 | 1 |
_aТуганбаев _bА. А. _gАскар Аканович _4070 |
|
| 801 | 0 |
_aRU _bNLR _c20060413 _grcr |
|
| 801 | 1 |
_aRU _bNLR _c20060413 |
|
| 830 | _aавт. по кн. | ||
| 942 | _cBOOK | ||
| 980 | _aNB | ||